Brahmin and non-brahmin : (Record no. 64285)

MARC details
000 -LEADER
fixed length control field 01765nam a22002897a 4500
005 - DATE AND TIME OF LATEST TRANSACTION
control field 20120323120722.0
010 ## - LCCN (DPL NO)
LC control number B-447092-096
020 ## - INTERNATIONAL STANDARD BOOK NUMBER
International Standard Book Number 8178242214
Terms of availability 295.00
020 ## - INTERNATIONAL STANDARD BOOK NUMBER
International Standard Book Number 9788178242217
Terms of availability 295.00
035 ## - SYSTEM CONTROL NUMBER
System control number B-447092-096
037 ## - SOURCE OF ACQUISITION
Stock number BPPD
037 ## - SOURCE OF ACQUISITION
Stock number K.K.Pub/Ven
082 ## - DEWEY DECIMAL CLASSIFICATION NUMBER
Classification number 324.25431083
100 ## - MAIN ENTRY--PERSONAL NAME
Personal name Pandian, M.S.S.
245 ## - TITLE STATEMENT
Title Brahmin and non-brahmin :
Remainder of title genealogies of the tamil political present /
Statement of responsibility, etc by M S S Pandian
260 ## - PUBLICATION, DISTRIBUTION, ETC. (IMPRINT)
Place of publication, distribution, etc Ranikhet
Name of publisher, distributor, etc Permanent Black
Date of publication, distribution, etc 2007
270 ## - ADDRESS
Address 'Himlayana',Mall Road,
City Ranikhet
Postal code 263645
300 ## - PHYSICAL DESCRIPTION
Extent 274p.
Dimensions 22cm(pbk)
500 ## - GENERAL NOTE
General note Includes index and bibliographical references
942 ## - ADDED ENTRY ELEMENTS (KOHA)
Source of classification or shelving scheme Dewey Decimal Classification
Item type English Books
Call number suffix PAN
Classification part 324.25431083
Holdings
Withdrawn status Lost status Not for loan Collection code Home library Current library Date acquired Source of acquisition Cost, normal purchase price Full call number Barcode Copy number Cost, replacement price Koha item type
      Non-fiction Central Library Central Library 03/04/2012 K.K.Pub/1318/23.09.2011/03/23.09.2011/09.11.2011 295.00 324.25431083 PAN B-447092 1 295.00 English Books
      Non-fiction Karol Bagh Karol Bagh 03/04/2012 K.K.Pub/1318/23.09.2011/03/23.09.2011/09.11.2011 295.00 324.25431083 PAN B-447095 1 295.00 English Books
      Non-fiction Patel Nagar Patel Nagar 03/04/2012 K.K.Pub/1318/23.09.2011/03/23.09.2011/09.11.2011 295.00 324.25431083 PAN B-447093 1 295.00 English Books
      Non-fiction Sarojini Nagar Sarojini Nagar 03/04/2012 K.K.Pub/1318/23.09.2011/03/23.09.2011/09.11.2011 295.00 324.25431083 PAN B-447094 1 295.00 English Books
      Non-fiction Shahdara Branch Shahdara Branch 03/04/2012 K.K.Pub/1318/23.09.2011/03/23.09.2011/09.11.2011 295.00 324.25431083 PAN B-447096 1 295.00 English Books

© Delhi Public Library
Hit Counter
free hit counter